000 00246nam a2200097Ia 4500
008 170619s9999 xx 000 0 und d
100 _aSHRIVASTAVA V
245 0 _aELECTRICAL & ELECTRONICS ENGG MATERIALS
260 _bKEDAR NATH RAM NATH
260 _c2010
546 _aENGLISH
999 _c19347
_d19347